| 000 | 01498nam a2200253Ia 4500 | ||
|---|---|---|---|
| 999 |
_c56524 _d56524 |
||
| 001 | 23638 | ||
| 003 | GE_BSU | ||
| 005 | 20210121131436.0 | ||
| 008 | 181216s2002||||ge |||||||||||||| ||geo|| | ||
| 020 | _a9992893524 | ||
| 040 | _cGE_BSU | ||
| 041 | _ageo | ||
| 080 | _a94(560) ს-45 | ||
| 100 |
_aსვანიძე, მიხეილ _95829 |
||
| 245 |
_aოსმალეთის ისტორია (1600-1923) : _bტ. 2 / _cრედ. გ. ბერაძე. საქ. მეცნ. აკად., აღმოსავლეთმცოდნ. ინ-ტი, აღმ.-დას. ურთ. კვლევის საერთ. ცენტრი, თბილისის აზიისა და აფრიკის ინ-ტი. |
||
| 264 |
_aთბილისი : _bქრონოგრაფი, _c2002. |
||
| 300 |
_a356 გვ.: _bილ., _c20 სმ. |
||
| 300 | _eბიბლიოგრ. გვ. 340-351 | ||
| 653 | _aთურქეთის ისტორია | ||
| 653 | _aოსმალეთის ისტორია. ტ. 2 : (1600-1923) | ||
| 700 |
_aბერაძე, გ. _eრედაქტორი _910073 |
||
| 710 |
_a საქ. მეცნ. აკად., აღმოსავლეთმცოდნ. ინ-ტი _bაღმ.-დას. ურთ. კვლევის საერთ. ცენტრი, თბილისის აზიისა და აფრიკის ინ-ტი. _910074 |
||
| 942 |
_cBK _2udc |
||